000 00849nam a2200217 4500
005 20151210144940.0
008 151210b mx ||||| |||| 00| 0 spa d
020 _a9703211666
050 0 4 _aF1246
_bR56 2003
100 1 _aDel Río Ignacio,
245 1 3 _aEl Régimen Jesuítico de la antigua California
_c/ Ignacio del Río
250 _a1a ed.
260 _aMéxico, D.F. :
_bUniversidad Autónoma de México, Instituto de Investigaciones Históricas,
_c2003.
300 _a247 p. ;
_c23 cm.
490 _aSerie Historia Novohispana
_v/ 69
504 _aIncluye bibliografía e índice
650 7 _2LEMB
_aJesuitas
_xHistoria
_zMéxico, Baja California, Península
650 7 _2LEMB
_aJesuitas
_xMisiones
_zBaja California, Península, México
651 7 _2LEMB
_aBaja California, Península
_xHistoria
_zMéxico
942 _2lcc
_cLIB
999 _c110555
_d110555